Journal (Record no. 27720)

MARC details
000 -LEADER
fixed length control field 00800nam a22001817a 4500
005 - DATE AND TIME OF LATEST TRANSACTION
control field 20090620161346.0
008 - FIXED-LENGTH DATA ELEMENTS--GENERAL INFORMATION
fixed length control field 090620t xxu||||| |||| 00| 0 eng d
245 ## - TITLE STATEMENT
Title Journal
Remainder of title The Bridge and structural engineer
260 ## - PUBLICATION, DISTRIBUTION, ETC. (IMPRINT)
Place of publication, distribution, etc New Delhi
Name of publisher, distributor, etc Indian National Group of the International Association for Bridge and Structural Engineering
Date of publication, distribution, etc 2008-
300 ## - PHYSICAL DESCRIPTION
Extent v.
Dimensions 28 cm
310 ## - CURRENT PUBLICATION FREQUENCY
Current publication frequency Bimonthly
650 ## - SUBJECT ADDED ENTRY--TOPICAL TERM
Topical term or geographic name as entry element Bridge engineering
650 ## - SUBJECT ADDED ENTRY--TOPICAL TERM
Topical term or geographic name as entry element Structural engineering
710 ## - ADDED ENTRY--CORPORATE NAME
Corporate name or jurisdiction name as entry element Indian National Group of the International Association for Bridge and Structural Engineering
270 ## - ADDRESS
Address IDA Building, Jamnagar House, Shahjahan Road
City New Delhi
Postal code 110011
Telephone number 23386724
Electronic mail address ingiabse@nde.vsnl.net.in
942 ## - ADDED ENTRY ELEMENTS (KOHA)
Source of classification or shelving scheme Dewey Decimal Classification
Item type Periodicals
Serial record 1
Holdings
Withdrawn status Lost status Source of classification or shelving scheme Damaged status Not for loan Collection code Home library Current library Date acquired Total Checkouts Date last seen Price effective from Koha item type
    Dewey Decimal Classification   Not For Loan Non-fiction D.B.Act.Division D.B.Act.Division 20/06/2009   20/06/2009 20/06/2009 Periodicals

© Delhi Public Library
Hit Counter
free hit counter